| 000 | 02813njm a2200493Ia 4500 | ||
|---|---|---|---|
| 001 | 23932 | ||
| 003 | IT-RoPAU | ||
| 005 | 20220918181217.0 | ||
| 008 | 131025s9999 xx 000 0 und d | ||
| 040 | _aIT-RoPAU | ||
| 040 | _cIT-RoPAU | ||
| 041 | _aITALIANO | ||
| 999 |
_c104049 _d104049 |
||
| 999 | _bn.d. | ||
| 100 |
_aAA.VV. _9794 |
||
| 100 |
_eAutore musica _97628 |
||
| 100 |
_gCodice autore musica SPICS: 12000 _9796 |
||
| 245 | _aCanti storici (Lp 33001) | ||
| 250 | _a1a ed. | ||
| 260 | _aITALIA | ||
| 260 |
_bPUBLIDISCO _c1964 [1a Ed.:1964] |
||
| 300 | _aDISCO | ||
| 500 | _aCanti storici. Musica popolare. | ||
| 505 | _aFischia il sasso - Canto degli arditi - Marcia delle legioni - Camerata Richard - Battaglioni M. - Giovinezza - Faccetta nera - Adua - Caro papà - Lili Marlen - Sagra di Giarabub - Ciao biondina - | ||
| 511 | _aDirettore d'orchestra: Valci Marcello | ||
| 650 |
_aPOPOLARE [DISCHI] _eCodice MATERIA SPICS: 9950 _97629 |
||
| 700 |
_aCoro Publidisco _dCodice interprete SPICS: 14062 _eInterprete _97630 |
||
| 700 |
_aBlanc _dCodice autore musica SPICS: 14195 _eAutore musica _pFischia il sasso - Marcia delle legioni - Giovinezza _97631 |
||
| 700 |
_aAnonimo _dCodice autore musica SPICS: 2620 _eAutore musica _pCanto degli arditi _97632 |
||
| 700 |
_aBravetta _dCodice autore testo/musica SPICS: 14196 _eAutore testo/musica _pMarcia delle legioni _97633 |
||
| 700 |
_aSimeon Ennio _dCodice autore musica SPICS: 21124 _eAutore musica _pCamerata Richard _97634 |
||
| 700 |
_aRuccione Mario _dCodice autore musica SPICS: 13479 _eAutore musica _pCamerata Richard - Faccetta nera - Sagra di Giarabub _97635 |
||
| 700 |
_aDe Torres Ferrante Alvaro _dCodice autore testo/musica SPICS: 13636 _eAutore testo/musica _pCamerata Richard - Sagra di Giarabub _97636 |
||
| 700 |
_aPellegrino Francesco _dCodice autore musica SPICS: 13551 _eAutore musica _pBattaglioni M. _97637 |
||
| 700 |
_aMicheli Giuseppe _dCodice autore testo/musica SPICS: 13556 _eAutore testo/musica _pFaccetta nera _97638 |
||
| 700 |
_aRastelli Nino _dCodice autore musica SPICS: 13482 _eAutore musica _pAdua _97639 |
||
| 700 |
_aOlivieri Dino _dCodice autore testo/musica SPICS: 13481 _eAutore testo/musica _pAdua _97640 |
||
| 700 |
_aFilippini Gino _dCodice autore musica SPICS: 13503 _eAutore musica _pCaro papà _97641 |
||
| 700 |
_aManlio Tito _dCodice autore testo/musica SPICS: 13497 _eAutore testo/musica _pCaro papà _97642 |
||
| 700 |
_aSchultze Norbert _dCodice autore musica SPICS: 13568 _eAutore musica _pLili Marlen _97643 |
||
| 700 |
_aLeip _dCodice autore testo/musica SPICS: 14197 _eAutore testo/musica _pLili Marlen _97644 |
||
| 700 |
_aBenedetto _dCodice autore musica SPICS: 13364 _eAutore musica _pCiao biondina _97645 |
||
| 700 |
_aSordi _dCodice autore testo/musica SPICS: 13365 _eAutore testo/musica _pCiao biondina _97646 |
||
| 942 |
_cMD _2ddc |
||